Messi Achievements - Statistics

General Stats
  • This quiz has been taken 58 times
  • The average score is 29 of 79
Answer Stats
Hint Answer % Correct
2004 La Liga
86%
2005 La Liga
86%
2008 La Liga
86%
2009 La Liga
86%
2010 La Liga
86%
2012 La Liga
86%
2014 La Liga
86%
2015 La Liga
86%
2018 La Liga
86%
2005 Champions League
79%
2008 Champions League
79%
2010 Champions League
79%
2014 Champions League
79%
2009 Ballon D'Or
75%
2010 Ballon D'Or
75%
2011 Ballon D'Or
75%
2012 Ballon D'Or
75%
2015 Ballon D'Or
75%
2019 Ballon D'Or
75%
2021 Ballon D'Or
75%
2021 Copa America
64%
2008 Copa del Ray
61%
2011 Copa del Ray
61%
2014 Copa del Ray
61%
2015 Copa del Ray
61%
2016 Copa del Ray
61%
2020 Copa del Ray
61%
2009 Golden Boot
57%
2011 Golden Boot
57%
2012 Golden Boot
57%
2016 Golden Boot
57%
2017 Golden Boot
57%
2018 Golden Boot
57%
2022 FIFA World Cup
43%
2009 Club World Cup
39%
2011 Club World Cup
39%
2015 Club World Cup
39%
2021 Ligue 1
36%
2022 Finalissimma
32%
2009 Super Cup
32%
2011 Super Cup
32%
2015 Super Cup
32%
2006 Supercopa de Espana
25%
2009 Supercopa de Espana
25%
2010 Supercopa de Espana
25%
2011 Supercopa de Espana
25%
2013 Supercopa de Espana
25%
2016 Supercopa de Espana
25%
2018 Supercopa de Espana
25%
2022 Trophee des Champions
7%
2009 La Liga Topscorer
4%
2011 La Liga Topscorer
4%
2012 La Liga Topscorer
4%
2014 La Liga Topscorer
4%
2016 La Liga Topscorer
4%
2017 La Liga Topscorer
4%
2018 La Liga Topscorer
4%
2019 La Liga Topscorer
4%
2020 La Liga Topscorer
4%
2014 World Cup Golden Ball
4%
2022 World Cup Golden Ball
4%
2005 Argentina POTY
0%
2007 Argentina POTY
0%
2013 Argentina POTY
0%
2015 Argentina POTY
0%
2017 Argentina POTY
0%
2019 Argentina POTY
0%
2021 Argentina POTY
0%
2009 Club World Cup Golden Ball
0%
2011 Club World Cup Golden Ball
0%
2019 FIFA The Best Award
0%
2009 FIFA World POTY
0%
2008 La Liga POTY
0%
2009 La Liga POTY
0%
2010 La Liga POTY
0%
2011 La Liga POTY
0%
2012 La Liga POTY
0%
2008 Olympic Gold Medal
0%
2005 Under 20 World Cup
0%
No matching quizzes found
Score Distribution
Percent of People with Each Score
Percentile by Number Answered
Your Score History
You have not taken this quiz